000
00332nam a2200133Ia 4500
008
191201s2004 xx 000 0 und d
082
_a
621.319
_b
NAS
100
_a
NASAR, Syed A
245
0
_a
3000 Solved Problems in Electric Circuits
260
_a
New Delhi
_b
TMH
_c
2004
300
_a
760
650
_a
B.Tech(ECE)
942
_2
ddc
_c
BK
999
_c
1502
_d
1502